000 00617nam a2200181Ia 4500
008 100920s9999 xx 000 0 und d
082 _b79526
_a580 0
100 _aटिकेकर अशोक.
245 _aनवरा बायको का भांडतात.
260 _bसंयम पब्लिकेशन, पुणे.
_c0
300 _a248
_bसाधी
365 _b200
520 _aशाई.
630 _aनवरा बायको का भांडतात.
650 _aशाई.
730 _aनवरा बायको का भांडतात.
942 _cBOOK
999 _c720534
_d720531